000
00254nam a2200109Ia 4500
008
230907s9999||||xx |||||||||||||| ||und||
082
_a
302
_b
BUR
245
0
_a
Social psychology /
260
_a
Wley,
_b
Australia :
_c
2017
300
_a
580 p.
942
_c
BK
999
_c
601129
_d
601129